000 01041nam a22003017a 4500
003 CHAP
005 20220329140041.0
008 971013s1985 r 10010 d
010 _a46250
011 _a47222
035 _a51364
040 _cCHAP
082 _a631.0915
_bR4
111 0 0 _aReunión Nacional de Consulta sobre Zonas Aridas (
_d1985
_c: Saltillo, Coah.)
_996450
245 _aResumenes de las conclusiones de las mesas de trabajo
260 _aSaltillo, Coah. :
_bComisión Nacional de las Zonas Aridas,
_c1985
300 _a89 h.
590 _aBATCH-UPD
_b10
_c20130110
_lUCH01
_h1651
590 _aBATCH-UPD
_b10
_c20130410
_lUCH01
_h1040
590 _aBATCH-UPD
_b10
_c20130914
_lUCH01
_h0322
590 _aCONVERSION
_b10
_c20130109
_lUCH01
_h1325
650 1 4 _aAgricultura
_xRegiones áridas.
_91781
650 1 4 _aAgua
_xAbastecimiento
_xRegiones aridas.
_92261
650 1 4 _aGanadería
_xRegiones áridas.
_944841
901 _aBK
942 _cLIBRO
949 _a631.0915 R4
_bBC
_cCONG
_d33724000555827
_eCONG
_h70220
_i51364
_si
999 _c46250
_d46250